| 000 | 00407nam a2200169Ia 4500 | ||
|---|---|---|---|
| 008 | 221030s9999 xx 000 0 und d | ||
| 020 | _a0070611939 | ||
| 041 | _aEnglish | ||
| 082 |
_a105.23 _bVoh |
||
| 100 | _aN. D. Vohra | ||
| 245 | 0 |
_aQuantitative Techniques in Management _cby N. D. Vohra |
|
| 250 | _a3rd | ||
| 260 |
_bTMH _aDelhi _c2006 |
||
| 300 | _a1049 | ||
| 650 | _aMCA Management | ||
| 942 | _cBK | ||
| 999 |
_c3396 _d3396 |
||